[Event "9th Vellmar Chess Days"]
[Site "chess24.com"]
[Date "2017.07.13"]
[Round "1"]
[White "von Lossow, Marcus"]
[Black "Krausse, Eckhard"]
[Result "0-1"]
[Board "46"]
[WhiteElo "1781"]
[WhiteCountry "GER"]
[WhiteFideId "12942090"]
[WhiteEloChange "-5"]
[BlackElo "1993"]
[BlackCountry "GER"]
[BlackFideId "4638174"]
[BlackEloChange "5"]

1. e4 {[%clk 1:30:55]} c5 {[%clk 1:30:36]} 2. Nf3 {[%clk 1:31:22]} d6 {[%clk
1:30:49]} 3. d4 {[%clk 1:31:46]} cxd4 {[%clk 1:31:04]} 4. Nxd4 {[%clk 1:32:14]}
Nf6 {[%clk 1:31:24]} 5. Nc3 {[%clk 1:32:39]} g6 {[%clk 1:31:38]} 6. Be3 {[%clk
1:32:18]} Bg7 {[%clk 1:28:14]} 7. Bd3 {[%clk 1:27:24]} Ng4 {[%clk 1:21:39]} 8.
Bb5+ {[%clk 1:12:21]} Kf8 {[%clk 1:21:47]} 9. Qf3 {[%clk 1:05:56]} Nc6 {[%clk
1:07:14]} 10. Bxc6 {[%clk 0:37:55]} bxc6 {[%clk 1:06:54]} 11. Nxc6 {[%clk
0:35:56]} Bxc3+ {[%clk 1:02:55]} 12. bxc3 {[%clk 0:35:21]} Qc7 {[%clk 0:54:49]}
13. e5 {[%clk 0:27:11]} d5 {[%clk 0:35:46]} 14. Qxd5 {[%clk 0:17:39]} Bb7 {[%clk
0:35:37]} 15. Qd4 {[%clk 0:11:13]} Nxe3 {[%clk 0:35:19]} 16. fxe3 {[%clk
0:11:23]} Qxc6 {[%clk 0:35:22]} 17. Rf1 {[%clk 0:09:25]} Qd5 {[%clk 0:33:45]} 18.
Qf4 {[%clk 0:08:13]} Rd8 {[%clk 0:31:05]} 19. Rf2 {[%clk 0:07:50]} Kg7 {[%clk
0:31:09]} 20. c4 {[%clk 0:06:41]} Qe6 {[%clk 0:31:15]} 21. Rb1 {[%clk 0:06:18]}
Ba6 {[%clk 0:29:42]} 22. Rb4 {[%clk 0:04:49]} Rhf8 {[%clk 0:23:55]} 23. Rb1
{[%clk 0:00:48]} f6 {[%clk 0:21:04]} 24. Rf3 {[%clk 0:00:37]} Bxc4 {[%clk
0:18:26]} 25. Rh3 {[%clk 0:00:41]} g5 {[%clk 0:18:09]} 26. Qf3 {[%clk 0:00:33]}
fxe5 {[%clk 0:18:09]} 0-1

[Event "9th Vellmar Chess Days"]
[Site "chess24.com"]
[Date "2017.07.13"]
[Round "1"]
[White "Wolff, Michael"]
[Black "Koronowski, Heinz-Juergen"]
[Result "0-1"]
[Board "47"]
[WhiteElo "1993"]
[WhiteCountry "GER"]
[WhiteFideId "24607657"]
[WhiteEloChange "-16"]
[BlackElo "1753"]
[BlackCountry "GER"]
[BlackFideId "12943762"]
[BlackEloChange "16"]

1. e4 {[%clk 1:30:30]} e5 {[%clk 1:30:30]} 2. f4 {[%clk 1:30:30]} exf4 {[%clk
1:30:30]} 3. Nf3 {[%clk 1:30:30]} d5 {[%clk 1:30:30]} 4. exd5 {[%clk 1:30:30]}
Nf6 {[%clk 1:30:30]} 5. Bb5+ {[%clk 1:30:30]} Bd7 {[%clk 1:30:30]} 6. Bxd7+
{[%clk 1:30:30]} Qxd7 {[%clk 1:30:30]} 7. O-O {[%clk 1:30:30]} Be7 {[%clk
1:30:30]} 8. d4 {[%clk 1:30:30]} O-O {[%clk 1:30:30]} 9. Bxf4 {[%clk 1:30:30]}
Nxd5 {[%clk 1:30:30]} 10. Ne5 {[%clk 1:30:30]} Qe6 {[%clk 1:30:30]} 11. Nc3
{[%clk 1:30:30]} Nxc3 {[%clk 1:30:30]} 12. bxc3 {[%clk 1:30:30]} Nd7 {[%clk
1:30:30]} 13. Qf3 {[%clk 1:30:30]} Nxe5 {[%clk 1:30:30]} 14. Bxe5 {[%clk
1:30:30]} Bd6 {[%clk 1:30:30]} 15. Bxd6 {[%clk 1:30:30]} Qxd6 {[%clk 1:30:30]}
16. Qxb7 {[%clk 1:30:30]} Qb6 {[%clk 1:30:30]} 17. Qf3 {[%clk 1:30:30]} Qg6
{[%clk 1:30:30]} 18. Rae1 {[%clk 1:30:30]} Rae8 {[%clk 1:30:30]} 19. Re2 {[%clk
1:30:30]} Rxe2 {[%clk 1:30:30]} 20. Qxe2 {[%clk 1:30:30]} Qc6 {[%clk 1:30:30]}
21. Rf3 {[%clk 1:30:30]} Re8 {[%clk 1:30:30]} 22. Re3 {[%clk 1:30:30]} Rxe3
{[%clk 1:30:30]} 23. Qxe3 {[%clk 1:30:30]} g6 {[%clk 1:30:30]} 24. h3 {[%clk
1:30:30]} Qa4 {[%clk 1:30:30]} 25. Qe5 {[%clk 1:30:30]} h5 {[%clk 1:30:30]} 26.
Qxc7 {[%clk 1:30:30]} Qxc2 {[%clk 1:30:30]} 27. Qg3 {[%clk 1:30:30]} Qxa2 {[%clk
1:30:30]} 28. Qd3 {[%clk 1:30:30]} Kf8 {[%clk 1:30:30]} 29. Kh2 {[%clk 1:30:30]}
Qf2 {[%clk 1:30:30]} 30. d5 {[%clk 1:30:30]} Qf4+ {[%clk 1:30:30]} 31. Kg1 {[%clk
1:30:30]} Qd6 {[%clk 1:30:30]} 32. Qd4 {[%clk 1:30:30]} Qb6 {[%clk 1:30:30]} 33.
Qxb6 {[%clk 1:30:30]} axb6 {[%clk 1:30:30]} 34. Kf2 {[%clk 1:30:30]} Ke7 {[%clk
1:30:30]} 35. Ke3 {[%clk 1:30:30]} Kd6 {[%clk 1:30:30]} 36. Kd4 {[%clk 1:30:30]}
h4 {[%clk 1:30:30]} 37. c4 {[%clk 1:30:30]} f5 {[%clk 1:30:30]} 38. Ke3 {[%clk
1:30:30]} g5 {[%clk 1:30:30]} 39. Kd4 {[%clk 1:30:30]} g4 {[%clk 1:30:30]} 40.
Ke3 {[%clk 1:30:30]} Ke5 {[%clk 1:30:30]} 41. Kf2 {[%clk 1:30:30]} Kd6 {[%clk
1:30:30]} 42. Ke3 {[%clk 1:30:30]} Ke5 {[%clk 1:30:30]} 43. Kf2 {[%clk 1:30:30]}
Kd6 {[%clk 1:30:30]} 44. Kf1 {[%clk 1:30:30]} Kc5 {[%clk 1:30:30]} 45. Kg1 {[%clk
1:30:30]} g3 {[%clk 1:30:30]} 46. Kf1 {[%clk 1:30:30]} b5 {[%clk 1:30:30]} 47. d6
{[%clk 1:30:30]} Kxd6 {[%clk 1:30:30]} 48. cxb5 {[%clk 1:30:30]} Kc5 {[%clk
1:30:30]} 49. Ke2 {[%clk 1:30:30]} Kxb5 {[%clk 1:30:30]} 50. Kf3 {[%clk 1:30:30]}
Kc5 {[%clk 1:30:30]} 51. Kf4 {[%clk 1:30:30]} Kd4 {[%clk 1:30:30]} 52. Kg5 {[%clk
1:30:30]} Ke3 {[%clk 1:30:30]} 53. Kxh4 {[%clk 1:30:30]} Kf2 {[%clk 1:30:30]} 54.
Kg5 {[%clk 1:30:30]} Kxg2 {[%clk 1:30:30]} 55. h4 {[%clk 1:30:30]} Kf3 {[%clk
1:30:30]} 56. h5 {[%clk 1:30:30]} g2 {[%clk 1:30:30]} 57. h6 {[%clk 1:30:30]}
g1Q+ {[%clk 1:30:30]} 58. Kxf5 {[%clk 1:30:30]} Qg8 {[%clk 1:30:30]} 0-1

[Event "9th Vellmar Chess Days"]
[Site "chess24.com"]
[Date "2017.07.13"]
[Round "1"]
[White "Krumschmidt, Michael"]
[Black "Hoffmann, Lennard"]
[Result "0-1"]
[Board "48"]
[WhiteElo "1706"]
[WhiteCountry "GER"]
[WhiteFideId "1270482"]
[WhiteEloChange "-3"]
[BlackElo "1990"]
[BlackCountry "GER"]
[BlackFideId "12943495"]
[BlackEloChange "3"]

1. d4 {[%clk 1:30:30]} f5 {[%clk 1:30:30]} 2. c4 {[%clk 1:30:30]} Nf6 {[%clk
1:30:30]} 3. Nc3 {[%clk 1:30:30]} g6 {[%clk 1:30:30]} 4. g3 {[%clk 1:30:30]} Bg7
{[%clk 1:30:30]} 5. Bg2 {[%clk 1:30:30]} O-O {[%clk 1:30:30]} 6. Nf3 {[%clk
1:30:30]} d6 {[%clk 1:30:30]} 7. Qb3 {[%clk 1:30:30]} c6 {[%clk 1:30:30]} 8. Bf4
{[%clk 1:30:30]} Nbd7 {[%clk 1:30:30]} 9. Ng5 {[%clk 1:30:30]} Nb8 {[%clk
1:30:30]} 10. h4 {[%clk 1:30:30]} Nh5 {[%clk 1:30:30]} 11. c5+ {[%clk 1:30:30]}
d5 {[%clk 1:30:30]} 12. Be5 {[%clk 1:30:30]} Bxe5 {[%clk 1:30:30]} 13. dxe5
{[%clk 1:30:30]} h6 {[%clk 1:30:30]} 14. Nh3 {[%clk 1:30:30]} Nd7 {[%clk
1:30:30]} 15. Nxd5 {[%clk 1:30:30]} cxd5 {[%clk 1:30:30]} 16. Bxd5+ {[%clk
1:30:30]} Kg7 {[%clk 1:30:30]} 17. Qc3 {[%clk 1:30:30]} Qc7 {[%clk 1:30:30]} 18.
Nf4 {[%clk 1:30:30]} Nxf4 {[%clk 1:30:30]} 19. gxf4 {[%clk 1:30:30]} Qxc5 {[%clk
1:30:30]} 20. Qd2 {[%clk 1:30:30]} Nb6 {[%clk 1:30:30]} 21. Bb3 {[%clk 1:30:30]}
a5 {[%clk 1:30:30]} 22. a3 {[%clk 1:30:30]} a4 {[%clk 1:30:30]} 23. Rc1 {[%clk
1:30:30]} Qa5 {[%clk 1:30:30]} 24. Qxa5 {[%clk 1:30:30]} Rxa5 {[%clk 1:30:30]}
25. Ba2 {[%clk 1:30:30]} Nd5 {[%clk 1:30:30]} 26. e3 {[%clk 1:30:30]} Be6 {[%clk
1:30:30]} 27. Bb1 {[%clk 1:30:30]} Rb5 {[%clk 1:30:30]} 28. Rg1 {[%clk 1:30:30]}
Kh7 {[%clk 1:30:30]} 29. Rc2 {[%clk 1:30:30]} Rc8 {[%clk 1:30:30]} 30. Rxc8
{[%clk 1:30:30]} Bxc8 {[%clk 1:30:30]} 31. h5 {[%clk 1:30:30]} gxh5 {[%clk
1:30:30]} 32. e4 {[%clk 1:30:30]} Rxb2 {[%clk 1:30:30]} 33. Bd3 {[%clk 1:30:30]}
Nxf4 {[%clk 1:30:30]} 0-1

[Event "9th Vellmar Chess Days"]
[Site "chess24.com"]
[Date "2017.07.13"]
[Round "1"]
[White "Pauls, Wilhelm"]
[Black "Lange, Lars"]
[Result "1-0"]
[Board "49"]
[WhiteElo "1988"]
[WhiteCountry "GER"]
[WhiteFideId "12990752"]
[WhiteEloChange "4"]
[BlackElo "1733"]
[BlackCountry "GER"]
[BlackFideId "16217900"]
[BlackEloChange "-4"]

1. e4 {[%clk 1:30:30]} c5 {[%clk 1:30:30]} 2. Nf3 {[%clk 1:30:30]} d6 {[%clk
1:30:30]} 3. d4 {[%clk 1:30:30]} cxd4 {[%clk 1:30:30]} 4. c3 {[%clk 1:30:30]} Nf6
{[%clk 1:30:30]} 5. Qxd4 {[%clk 1:30:30]} Nc6 {[%clk 1:30:30]} 6. Bb5 {[%clk
1:30:30]} Bd7 {[%clk 1:30:30]} 7. Qd3 {[%clk 1:30:30]} g6 {[%clk 1:30:30]} 8. O-O
{[%clk 1:30:30]} Bg7 {[%clk 1:30:30]} 9. c4 {[%clk 1:30:30]} O-O {[%clk 1:30:30]}
10. Nc3 {[%clk 1:30:30]} Rc8 {[%clk 1:30:30]} 11. Qe2 {[%clk 1:30:30]} Qc7 {[%clk
1:30:30]} 12. Bg5 {[%clk 1:30:30]} a6 {[%clk 1:30:30]} 13. Ba4 {[%clk 1:30:30]}
Na5 {[%clk 1:30:30]} 14. Bxf6 {[%clk 1:30:30]} Bxf6 {[%clk 1:30:30]} 15. Nd5
{[%clk 1:30:30]} Qd8 {[%clk 1:30:30]} 16. Bxd7 {[%clk 1:30:30]} Qxd7 {[%clk
1:30:30]} 17. Nb6 {[%clk 1:30:30]} Qc6 {[%clk 1:30:30]} 18. Nxc8 {[%clk 1:30:30]}
Rxc8 {[%clk 1:30:30]} 19. Rac1 {[%clk 1:30:30]} b5 {[%clk 1:30:30]} 20. e5 {[%clk
1:30:30]} dxe5 {[%clk 1:30:30]} 21. cxb5 {[%clk 1:30:30]} Qxc1 {[%clk 1:30:30]}
22. Rxc1 {[%clk 1:30:30]} Rxc1+ {[%clk 1:30:30]} 23. Ne1 {[%clk 1:30:30]} e4
{[%clk 1:30:30]} 24. bxa6 {[%clk 1:30:30]} Nc6 {[%clk 1:30:30]} 25. Kf1 {[%clk
1:30:30]} Bd4 {[%clk 1:30:30]} 26. Qd2 {[%clk 1:30:30]} Rb1 {[%clk 1:30:30]} 27.
a7 {[%clk 1:30:30]} 1-0

[Event "9th Vellmar Chess Days"]
[Site "chess24.com"]
[Date "2017.07.13"]
[Round "1"]
[White "Reitz, Theresa"]
[Black "Reitz, Philipp"]
[Result "1-0"]
[Board "50"]
[WhiteElo "1706"]
[WhiteCountry "GER"]
[WhiteFideId "12971901"]
[WhiteEloChange "17"]
[BlackElo "1976"]
[BlackCountry "GER"]
[BlackFideId "12973297"]
[BlackEloChange "-17"]

1. e4 {[%clk 1:30:30]} e6 {[%clk 1:30:30]} 2. d4 {[%clk 1:30:30]} d5 {[%clk
1:30:30]} 3. e5 {[%clk 1:30:30]} c5 {[%clk 1:30:30]} 4. c3 {[%clk 1:30:30]} Nc6
{[%clk 1:30:30]} 5. Nf3 {[%clk 1:30:30]} Bd7 {[%clk 1:30:30]} 6. a3 {[%clk
1:30:30]} a5 {[%clk 1:30:30]} 7. Be3 {[%clk 1:30:30]} Qb6 {[%clk 1:30:30]} 8. Qc2
{[%clk 1:30:30]} Rc8 {[%clk 1:30:30]} 9. dxc5 {[%clk 1:30:30]} Bxc5 {[%clk
1:30:30]} 10. Bxc5 {[%clk 1:30:30]} Qxc5 {[%clk 1:30:30]} 11. Nbd2 {[%clk
1:30:30]} Nh6 {[%clk 1:30:30]} 12. h3 {[%clk 1:30:30]} Nf5 {[%clk 1:30:30]} 13.
Bd3 {[%clk 1:30:30]} Ncd4 {[%clk 1:30:30]} 14. Nxd4 {[%clk 1:30:30]} Nxd4 {[%clk
1:30:30]} 15. Qd1 {[%clk 1:30:30]} Nc6 {[%clk 1:30:30]} 16. Qh5 {[%clk 1:30:30]}
g6 {[%clk 1:30:30]} 17. Qg5 {[%clk 1:30:30]} d4 {[%clk 1:30:30]} 18. Nc4 {[%clk
1:30:30]} O-O {[%clk 1:30:30]} 19. cxd4 {[%clk 1:30:30]} Nxd4 {[%clk 1:30:30]}
20. Nd6 {[%clk 1:30:30]} f6 {[%clk 1:30:30]} 21. Qg3 {[%clk 1:30:30]} Nc2+ {[%clk
1:30:30]} 22. Bxc2 {[%clk 1:30:30]} Qxc2 {[%clk 1:30:30]} 23. Nxc8 {[%clk
1:30:30]} Bb5 {[%clk 1:30:30]} 24. Ne7+ {[%clk 1:30:30]} Kf7 {[%clk 1:30:30]} 25.
Qf3 {[%clk 1:30:30]} f5 {[%clk 1:30:30]} 26. Nxf5 {[%clk 1:30:30]} Kg8 {[%clk
1:30:30]} 27. Nh6+ {[%clk 1:30:30]} Kg7 {[%clk 1:30:30]} 28. Qe3 {[%clk 1:30:30]}
Rd8 {[%clk 1:30:30]} 29. Rc1 {[%clk 1:30:30]} Qxb2 {[%clk 1:30:30]} 30. Rc7+
{[%clk 1:30:30]} Kf8 {[%clk 1:30:30]} 31. Qf3+ {[%clk 1:30:30]} Ke8 {[%clk
1:30:30]} 32. Qf7# {[%clk 1:30:30]} 1-0

[Event "9th Vellmar Chess Days"]
[Site "chess24.com"]
[Date "2017.07.13"]
[Round "1"]
[White "Tremoehlen, Thomas"]
[Black "Toval, David"]
[Result "1-0"]
[Board "51"]
[WhiteElo "1980"]
[WhiteCountry "GER"]
[WhiteFideId "12999555"]
[WhiteEloChange "4"]
[BlackElo "1733"]
[BlackCountry "GER"]
[BlackFideId "12992755"]
[BlackEloChange "-4"]

1. e4 {[%clk 1:30:30]} c5 {[%clk 1:30:30]} 2. Nf3 {[%clk 1:30:30]} d6 {[%clk
1:30:30]} 3. d4 {[%clk 1:30:30]} cxd4 {[%clk 1:30:30]} 4. Nxd4 {[%clk 1:30:30]}
Nf6 {[%clk 1:30:30]} 5. Nc3 {[%clk 1:30:30]} a6 {[%clk 1:30:30]} 6. Bc4 {[%clk
1:30:30]} e6 {[%clk 1:30:30]} 7. Bb3 {[%clk 1:30:30]} Be7 {[%clk 1:30:30]} 8. Be3
{[%clk 1:30:30]} b5 {[%clk 1:30:30]} 9. f3 {[%clk 1:30:30]} Bb7 {[%clk 1:30:30]}
10. Bxe6 {[%clk 1:30:30]} b4 {[%clk 1:30:30]} 11. Nce2 {[%clk 1:30:30]} fxe6
{[%clk 1:30:30]} 12. Nxe6 {[%clk 1:30:30]} Qa5 {[%clk 1:30:30]} 13. Nxg7+ {[%clk
1:30:30]} Kf7 {[%clk 1:30:30]} 14. Nf5 {[%clk 1:30:30]} b3+ {[%clk 1:30:30]} 15.
c3 {[%clk 1:30:30]} Rd8 {[%clk 1:30:30]} 16. Qxb3+ {[%clk 1:30:30]} 1-0

[Event "9th Vellmar Chess Days"]
[Site "chess24.com"]
[Date "2017.07.13"]
[Round "1"]
[White "Schnegelsberg, Karl-Heinz"]
[Black "Seepe, Uwe"]
[Result "1-0"]
[Board "53"]
[WhiteElo "1973"]
[WhiteCountry "GER"]
[WhiteFideId "4653335"]
[WhiteEloChange "3"]
[BlackElo "1662"]
[BlackCountry "GER"]
[BlackFideId "12992585"]
[BlackEloChange "-3"]

1. Nf3 {[%clk 1:30:30]} Nc6 {[%clk 1:30:30]} 2. e4 {[%clk 1:30:30]} e5 {[%clk
1:30:30]} 3. Be2 {[%clk 1:30:30]} Nf6 {[%clk 1:30:30]} 4. d3 {[%clk 1:30:30]} d5
{[%clk 1:30:30]} 5. Nbd2 {[%clk 1:30:30]} Bd6 {[%clk 1:30:30]} 6. O-O {[%clk
1:30:30]} Bg4 {[%clk 1:30:30]} 7. c3 {[%clk 1:30:30]} Qd7 {[%clk 1:30:30]} 8. a4
{[%clk 1:30:30]} O-O {[%clk 1:30:30]} 9. a5 {[%clk 1:30:30]} Ne7 {[%clk 1:30:30]}
10. Re1 {[%clk 1:30:30]} Ng6 {[%clk 1:30:30]} 11. exd5 {[%clk 1:30:30]} Nxd5
{[%clk 1:30:30]} 12. Nc4 {[%clk 1:30:30]} Ndf4 {[%clk 1:30:30]} 13. Bf1 {[%clk
1:30:30]} Rae8 {[%clk 1:30:30]} 14. h3 {[%clk 1:30:30]} Bh5 {[%clk 1:30:30]} 15.
g4 {[%clk 1:30:30]} Bxg4 {[%clk 1:30:30]} 16. hxg4 {[%clk 1:30:30]} Qxg4+ {[%clk
1:30:30]} 17. Kh1 {[%clk 1:30:30]} Re6 {[%clk 1:30:30]} 18. Nh2 {[%clk 1:30:30]}
Qh4 {[%clk 1:30:30]} 19. Be3 {[%clk 1:30:30]} h5 {[%clk 1:30:30]} 20. Qf3 {[%clk
1:30:30]} f5 {[%clk 1:30:30]} 21. Nxd6 {[%clk 1:30:30]} cxd6 {[%clk 1:30:30]} 22.
Bxa7 {[%clk 1:30:30]} e4 {[%clk 1:30:30]} 23. Qg3 {[%clk 1:30:30]} Qe7 {[%clk
1:30:30]} 24. Qe3 {[%clk 1:30:30]} exd3 {[%clk 1:30:30]} 25. Qd2 {[%clk 1:30:30]}
Ne2 {[%clk 1:30:30]} 26. Qxd3 {[%clk 1:30:30]} Ngf4 {[%clk 1:30:30]} 27. Qf3
{[%clk 1:30:30]} h4 {[%clk 1:30:30]} 28. Be3 {[%clk 1:30:30]} Ng1 {[%clk
1:30:30]} 29. Qxf4 {[%clk 1:30:30]} g5 {[%clk 1:30:30]} 30. Qxg5+ {[%clk
1:30:30]} Qxg5 {[%clk 1:30:30]} 31. Bxg5 {[%clk 1:30:30]} Rg6 {[%clk 1:30:30]}
32. Bf4 {[%clk 1:30:30]} Kh8 {[%clk 1:30:30]} 33. Bxd6 {[%clk 1:30:30]} Rxd6
{[%clk 1:30:30]} 34. Kxg1 {[%clk 1:30:30]} Rg6+ {[%clk 1:30:30]} 35. Kh1 {[%clk
1:30:30]} Rd8 {[%clk 1:30:30]} 36. Rad1 {[%clk 1:30:30]} Rdg8 {[%clk 1:30:30]}
37. Bh3 {[%clk 1:30:30]} f4 {[%clk 1:30:30]} 38. Re6 {[%clk 1:30:30]} R6g7 {[%clk
1:30:30]} 39. Rh6+ {[%clk 1:30:30]} Rh7 {[%clk 1:30:30]} 40. Rxh7+ {[%clk
1:30:30]} Kxh7 {[%clk 1:30:30]} 41. Ng4 {[%clk 1:30:30]} 1-0

[Event "9th Vellmar Chess Days"]
[Site "chess24.com"]
[Date "2017.07.13"]
[Round "1"]
[White "Sakhra, Roman"]
[Black "Schlachowitsch, Markus"]
[Result "0-1"]
[Board "54"]
[WhiteElo "1472"]
[WhiteCountry "GER"]
[WhiteFideId "16227590"]
[WhiteEloChange "-2"]
[BlackElo "1964"]
[BlackCountry "GER"]
[BlackFideId "4655583"]
[BlackEloChange "2"]

1. d4 {[%clk 1:30:30]} e6 {[%clk 1:30:30]} 2. Nf3 {[%clk 1:30:30]} b6 {[%clk
1:30:30]} 3. Bf4 {[%clk 1:30:30]} Bb7 {[%clk 1:30:30]} 4. e3 {[%clk 1:30:30]} Nf6
{[%clk 1:30:30]} 5. Bd3 {[%clk 1:30:30]} d6 {[%clk 1:30:30]} 6. Nbd2 {[%clk
1:30:30]} h6 {[%clk 1:30:30]} 7. h3 {[%clk 1:30:30]} Nbd7 {[%clk 1:30:30]} 8. O-O
{[%clk 1:30:30]} g5 {[%clk 1:30:30]} 9. Bh2 {[%clk 1:30:30]} Bg7 {[%clk 1:30:30]}
10. e4 {[%clk 1:30:30]} Nh5 {[%clk 1:30:30]} 11. c3 {[%clk 1:30:30]} Nf4 {[%clk
1:30:30]} 12. Bc2 {[%clk 1:30:30]} e5 {[%clk 1:30:30]} 13. d5 {[%clk 1:30:30]}
Ng6 {[%clk 1:30:30]} 14. c4 {[%clk 1:30:30]} h5 {[%clk 1:30:30]} 15. Ne1 {[%clk
1:30:30]} Bh6 {[%clk 1:30:30]} 16. Qxh5 {[%clk 1:30:30]} g4 {[%clk 1:30:30]} 17.
Nb3 {[%clk 1:30:30]} Nf6 {[%clk 1:30:30]} 18. Qf5 {[%clk 1:30:30]} Bc8 {[%clk
1:30:30]} 0-1

[Event "9th Vellmar Chess Days"]
[Site "chess24.com"]
[Date "2017.07.14"]
[Round "2"]
[White "Werner, Martin"]
[Black "Meijers, Viesturs"]
[Result "0-1"]
[Board "1"]
[WhiteElo "2036"]
[WhiteCountry "GER"]
[WhiteFideId "4607970"]
[WhiteEloChange "-2"]
[BlackElo "2472"]
[BlackTitle "GM"]
[BlackCountry "LAT"]
[BlackFideId "11600314"]
[BlackEloChange "1"]

1. d4 {[%clk 1:30:58]} Nf6 {[%clk 1:25:35]} 2. Bg5 {[%clk 1:31:04]} e6 {[%clk
1:25:34]} 3. e4 {[%clk 1:31:26]} c5 {[%clk 1:25:59]} 4. d5 {[%clk 1:31:20]} Qa5+
{[%clk 1:23:26]} 5. Qd2 {[%clk 1:27:23]} Qxd2+ {[%clk 1:21:19]} 6. Nxd2 {[%clk
1:27:11]} d6 {[%clk 1:21:43]} 7. O-O-O {[%clk 1:21:01]} Nbd7 {[%clk 1:20:45]} 8.
Bd3 {[%clk 0:59:38]} h6 {[%clk 1:14:09]} 9. Bh4 {[%clk 0:56:14]} a6 {[%clk
1:02:58]} 10. f4 {[%clk 0:50:34]} e5 {[%clk 0:55:22]} 11. fxe5 {[%clk 0:43:39]}
Nxe5 {[%clk 0:54:07]} 12. Ngf3 {[%clk 0:38:38]} Nfd7 {[%clk 0:47:20]} 13. Rhf1
{[%clk 0:34:52]} b5 {[%clk 0:46:10]} 14. Be2 {[%clk 0:31:43]} g5 {[%clk 0:32:20]}
15. Nxe5 {[%clk 0:29:36]} Nxe5 {[%clk 0:31:27]} 16. Bg3 {[%clk 0:29:57]} Bg7
{[%clk 0:31:52]} 17. Bh5 {[%clk 0:26:44]} O-O {[%clk 0:30:03]} 18. Nf3 {[%clk
0:25:06]} Nc4 {[%clk 0:29:05]} 19. b3 {[%clk 0:18:01]} Ne3 {[%clk 0:28:56]} 20.
Bxd6 {[%clk 0:17:58]} Rd8 {[%clk 0:25:00]} 21. Bxc5 {[%clk 0:13:53]} Nxf1 {[%clk
0:24:56]} 22. Rxf1 {[%clk 0:14:14]} f5 {[%clk 0:24:15]} 23. Bb6 {[%clk 0:05:37]}
Rd7 {[%clk 0:22:50]} 24. Be8 {[%clk 0:04:21]} fxe4 {[%clk 0:18:18]} 25. Bxd7
{[%clk 0:03:04]} Bxd7 {[%clk 0:18:42]} 26. Nd2 {[%clk 0:02:52]} Re8 {[%clk
0:19:03]} 27. Re1 {[%clk 0:02:24]} Bf5 {[%clk 0:18:49]} 28. d6 {[%clk 0:01:59]}
Be5 {[%clk 0:18:26]} 29. g4 {[%clk 0:01:46]} Bxg4 {[%clk 0:17:32]} 30. Nxe4
{[%clk 0:01:07]} Kg7 {[%clk 0:17:44]} 31. Bc7 {[%clk 0:00:33]} Bxh2 {[%clk
0:17:15]} 32. d7 {[%clk 0:00:37]} Bxd7 {[%clk 0:17:38]} 33. Bxh2 {[%clk 0:00:44]}
Bc6 {[%clk 0:17:27]} 34. Kd2 {[%clk 0:00:35]} Bxe4 {[%clk 0:17:48]} 35. c4 {[%clk
0:00:38]} bxc4 {[%clk 0:17:50]} 36. bxc4 {[%clk 0:01:06]} Kg6 {[%clk 0:17:02]}
37. Kc3 {[%clk 0:01:12]} Kf5 {[%clk 0:14:36]} 38. c5 {[%clk 0:01:20]} h5 {[%clk
0:14:02]} 39. Kd4 {[%clk 0:01:34]} h4 {[%clk 0:12:30]} 40. Be5 {[%clk 0:00:41]}
Rxe5 {[%clk 0:12:04]} 41. Rf1+ {[%clk 0:01:03]} Ke6 {[%clk 0:12:30]} 0-1

[Event "9th Vellmar Chess Days"]
[Site "chess24.com"]
[Date "2017.07.14"]
[Round "2"]
[White "Siebarth, Marco"]
[Black "Schnepp, Gunnar"]
[Result "0-1"]
[Board "2"]
[WhiteElo "2024"]
[WhiteCountry "GER"]
[WhiteFideId "24604330"]
[WhiteEloChange "-3"]
[BlackElo "2348"]
[BlackTitle "FM"]
[BlackCountry "AUT"]
[BlackFideId "1604503"]
[BlackEloChange "3"]

1. e4 {[%clk 1:28:43]} c5 {[%clk 1:30:50]} 2. Nf3 {[%clk 1:29:02]} d6 {[%clk
1:31:13]} 3. d4 {[%clk 1:28:33]} cxd4 {[%clk 1:31:40]} 4. Nxd4 {[%clk 1:29:01]}
Nf6 {[%clk 1:31:51]} 5. Nc3 {[%clk 1:29:19]} a6 {[%clk 1:32:19]} 6. Bc4 {[%clk
1:25:22]} e6 {[%clk 1:32:42]} 7. Bb3 {[%clk 1:25:48]} b5 {[%clk 1:32:11]} 8. O-O
{[%clk 1:25:28]} Bb7 {[%clk 1:31:42]} 9. f3 {[%clk 1:25:34]} Nbd7 {[%clk
1:28:39]} 10. a4 {[%clk 1:20:18]} b4 {[%clk 1:28:08]} 11. Na2 {[%clk 1:16:53]} d5
{[%clk 1:28:03]} 12. exd5 {[%clk 1:15:50]} Nxd5 {[%clk 1:27:23]} 13. c4 {[%clk
1:06:40]} N5f6 {[%clk 1:07:48]} 14. Bc2 {[%clk 1:00:17]} Qc7 {[%clk 0:58:05]} 15.
b3 {[%clk 0:57:04]} Bd6 {[%clk 0:53:48]} 16. h3 {[%clk 0:56:57]} O-O {[%clk
0:51:57]} 17. Bb2 {[%clk 0:53:11]} Bc5 {[%clk 0:37:35]} 18. Kh1 {[%clk 0:52:30]}
Qe5 {[%clk 0:25:42]} 19. Qd2 {[%clk 0:28:33]} Nh5 {[%clk 0:22:50]} 20. Rfe1
{[%clk 0:18:22]} Qd6 {[%clk 0:20:06]} 21. Qd3 {[%clk 0:05:46]} Ng3+ {[%clk
0:20:21]} 22. Kh2 {[%clk 0:02:47]} Nf5+ {[%clk 0:19:48]} 23. Kh1 {[%clk 0:03:16]}
Bxd4 {[%clk 0:17:51]} 24. Rad1 {[%clk 0:03:42]} Ng3+ {[%clk 0:17:16]} 0-1